<?xml version="1.0" encoding="UTF-8"?>
<record
    xmlns:xsi="http://www.w3.org/2001/XMLSchema-instance"
    xsi:schemaLocation="http://www.loc.gov/MARC21/slim http://www.loc.gov/standards/marcxml/schema/MARC21slim.xsd"
    xmlns="http://www.loc.gov/MARC21/slim">

  <leader>01259nam a22002777a 4500</leader>
  <controlfield tag="003">dpl</controlfield>
  <controlfield tag="005">20180717123826.0</controlfield>
  <controlfield tag="008">180717b        xxu||||| |||| 00| 0 eng d</controlfield>
  <datafield tag="010" ind1=" " ind2=" ">
    <subfield code="a">B-056362</subfield>
  </datafield>
  <datafield tag="020" ind1=" " ind2=" ">
    <subfield code="c">200.00</subfield>
  </datafield>
  <datafield tag="035" ind1=" " ind2=" ">
    <subfield code="a">B-056362, B-056370</subfield>
  </datafield>
  <datafield tag="037" ind1=" " ind2=" ">
    <subfield code="b">Cen Lib/Ret</subfield>
  </datafield>
  <datafield tag="040" ind1=" " ind2=" ">
    <subfield code="a">DPL</subfield>
    <subfield code="b">HN</subfield>
    <subfield code="c">0</subfield>
  </datafield>
  <datafield tag="082" ind1=" " ind2=" ">
    <subfield code="a">&#x909; </subfield>
    <subfield code="b">&#x927;&#x942;&#x92E;&#x915;&#x947; </subfield>
  </datafield>
  <datafield tag="100" ind1=" " ind2=" ">
    <subfield code="a">&#x927;&#x942;&#x92E;&#x915;&#x947;&#x924;&#x941; </subfield>
    <subfield code="9">142331</subfield>
  </datafield>
  <datafield tag="245" ind1=" " ind2=" ">
    <subfield code="a">&#x92E;&#x917;&#x927;&#x92A;&#x924;&#x93F; :</subfield>
    <subfield code="c">&#x927;&#x942;&#x92E;&#x915;&#x947;&#x924;&#x941; </subfield>
    <subfield code="b">&#x917;&#x941;&#x91C;&#x930;&#x924;&#x940; &#x915;&#x940; &#x92A;&#x94D;&#x930;&#x938;&#x93F;&#x926;&#x94D;&#x927; &#x909;&#x92A;&#x928;&#x94D;&#x92F;&#x93E;&#x938; &#x92E;&#x917;&#x927;&#x92A;&#x924;&#x940; &#x915;&#x93E; &#x939;&#x93F;&#x902;&#x926;&#x940; &#x905;&#x928;&#x941;&#x935;&#x93E;&#x926; /</subfield>
  </datafield>
  <datafield tag="246" ind1=" " ind2=" ">
    <subfield code="a">Magadhpati : gujrati ke prasidh upanyas magadh[ati k hindi anuvad /</subfield>
    <subfield code="b">by Dhoomketu</subfield>
  </datafield>
  <datafield tag="260" ind1=" " ind2=" ">
    <subfield code="a"> &#x926;&#x93F;&#x932;&#x94D;&#x932;&#x940;</subfield>
    <subfield code="b"> &#x938;&#x941;&#x930;&#x947;&#x928;&#x94D;&#x926;&#x94D;&#x930; &#x915;&#x941;&#x92E;&#x93E;&#x930; &#x90F;&#x902;&#x921; &#x938;&#x902;&#x938; </subfield>
    <subfield code="c">2001</subfield>
  </datafield>
  <datafield tag="270" ind1=" " ind2=" ">
    <subfield code="a">30/21 -&#x90F;-&#x968;&#x968;&#x90F;. &#x917;&#x932;&#x940; &#x928;. 9 , &#x935;&#x93F;&#x936;&#x94D;&#x935;&#x93E;&#x938; &#x928;&#x917;&#x930;, &#x936;&#x93E;&#x939;&#x926;&#x930;&#x93E; </subfield>
    <subfield code="b"> &#x926;&#x93F;&#x932;&#x94D;&#x932;&#x940;</subfield>
    <subfield code="e">110032</subfield>
  </datafield>
  <datafield tag="300" ind1=" " ind2=" ">
    <subfield code="a">168&#x92A;&#x943;.</subfield>
    <subfield code="c">20&#x938;&#x947;&#x92E;&#x940;(&#x938;&#x91C;&#x93F;&#x932;&#x94D;&#x926;)</subfield>
  </datafield>
  <datafield tag="650" ind1=" " ind2=" ">
    <subfield code="a">&#x917;&#x941;&#x91C;&#x930;&#x93E;&#x924;&#x940; &#x938;&#x93E;&#x939;&#x93F;&#x924;&#x94D;&#x92F; </subfield>
    <subfield code="9">142332</subfield>
  </datafield>
  <datafield tag="650" ind1=" " ind2=" ">
    <subfield code="a">&#x917;&#x941;&#x91C;&#x930;&#x93E;&#x924;&#x940; &#x909;&#x92A;&#x928;&#x94D;&#x92F;&#x93E;&#x938;  </subfield>
    <subfield code="9">142333</subfield>
  </datafield>
  <datafield tag="650" ind1=" " ind2=" ">
    <subfield code="a">Gujrati literature</subfield>
    <subfield code="9">29154</subfield>
  </datafield>
  <datafield tag="650" ind1=" " ind2=" ">
    <subfield code="a">Gujrati fiction</subfield>
    <subfield code="9">31779</subfield>
  </datafield>
  <datafield tag="942" ind1=" " ind2=" ">
    <subfield code="2">ddc</subfield>
    <subfield code="c">HN</subfield>
    <subfield code="h">&#x909; </subfield>
    <subfield code="m">&#x927;&#x942;&#x92E;&#x915;&#x947; </subfield>
  </datafield>
  <datafield tag="999" ind1=" " ind2=" ">
    <subfield code="c">115392</subfield>
    <subfield code="d">115392</subfield>
  </datafield>
  <datafield tag="952" ind1=" " ind2=" ">
    <subfield code="0">0</subfield>
    <subfield code="1">0</subfield>
    <subfield code="4">0</subfield>
    <subfield code="7">0</subfield>
    <subfield code="a">L</subfield>
    <subfield code="b">L</subfield>
    <subfield code="d">2015-08-20</subfield>
    <subfield code="e">Cen Lib/Ref</subfield>
    <subfield code="g">200.00</subfield>
    <subfield code="l">2</subfield>
    <subfield code="m">1</subfield>
    <subfield code="o">&#x909;  &#x927;&#x942;&#x92E;&#x915;&#x947;</subfield>
    <subfield code="p">B-056362</subfield>
    <subfield code="r">2022-03-03 00:00:00</subfield>
    <subfield code="s">2022-02-02</subfield>
    <subfield code="t">1</subfield>
    <subfield code="v">200.00</subfield>
    <subfield code="w">2015-08-20</subfield>
    <subfield code="y">HN</subfield>
  </datafield>
  <datafield tag="952" ind1=" " ind2=" ">
    <subfield code="0">0</subfield>
    <subfield code="1">0</subfield>
    <subfield code="2">ddc</subfield>
    <subfield code="4">0</subfield>
    <subfield code="7">0</subfield>
    <subfield code="8">FIC</subfield>
    <subfield code="a">BL4</subfield>
    <subfield code="b">BL4</subfield>
    <subfield code="d">2018-07-17</subfield>
    <subfield code="e">BPPD/PUB</subfield>
    <subfield code="g">200.00</subfield>
    <subfield code="l">0</subfield>
    <subfield code="o">&#x909;  &#x927;&#x942;&#x92E;&#x915;&#x947;</subfield>
    <subfield code="p">B-056370</subfield>
    <subfield code="r">2018-07-17 00:00:00</subfield>
    <subfield code="v">200.00</subfield>
    <subfield code="w">2018-07-17</subfield>
    <subfield code="y">HN</subfield>
  </datafield>
  <datafield tag="952" ind1=" " ind2=" ">
    <subfield code="0">0</subfield>
    <subfield code="1">0</subfield>
    <subfield code="2">ddc</subfield>
    <subfield code="4">0</subfield>
    <subfield code="7">0</subfield>
    <subfield code="8">FIC</subfield>
    <subfield code="a">BL1</subfield>
    <subfield code="b">BL1</subfield>
    <subfield code="d">2018-11-17</subfield>
    <subfield code="e">BPPD/PUB</subfield>
    <subfield code="g">200.00</subfield>
    <subfield code="l">0</subfield>
    <subfield code="o">&#x909;  &#x927;&#x942;&#x92E;&#x915;&#x947;</subfield>
    <subfield code="p">B-056363</subfield>
    <subfield code="r">2018-11-17 00:00:00</subfield>
    <subfield code="v">200.00</subfield>
    <subfield code="w">2018-11-17</subfield>
    <subfield code="y">HN</subfield>
  </datafield>
</record>
